| 000 | 00569cam a22001691 4500 | ||
|---|---|---|---|
| 082 | 0 | 0 |
_a530 _bSCH _cL-6, P-16 |
| 100 | 1 |
_aSchneider, Walter A. _939747 |
|
| 245 | 1 | 0 |
_aExperimental physics for colleges _c[by] Walter A. Schneider [and] Lloyd B. Ham. |
| 250 | _aRev. ed., with corrections and emendations. | ||
| 260 |
_aNew York, _bMacmillan _c[1960] |
||
| 300 |
_aix, 259 p.: _billus. _c21 cm. |
||
| 526 |
_a0 _b0 _c0 _d530_000000000000000_SCH |
||
| 650 | 0 |
_aMCE _9379 |
|
| 650 | 0 |
_aPhysics _xLaboratory manuals. _939748 |
|
| 700 | 1 |
_aHam, Lloyd B. _939749 |
|
| 942 |
_2ddc _cBK |
||
| 999 |
_c544190 _d544190 |
||